000 00379nam a2200157Ia 4500
008 210210b1962 xxu||||| |||| 00| 0 eng d
041 _aeng
082 _a825/86
100 _aBLACKSTONE (Bernard)
245 _aVirginia woolf
260 _aLondon
_bLongman Green & Co Ltd.,
_c1962
650 _awoolf
650 _aVirginia
690 _aEnglish Criticism
906 _a014404
999 _c133581
_d133581